| 000 | 01521 a2200445 4500 | ||
|---|---|---|---|
| 001 | 13922165 | ||
| 003 | 0000 | ||
| 005 | 20260311142729.0 | ||
| 008 | 050406s2005 paua b 001 0 eng | ||
| 010 | _a 2005047941 | ||
| 020 | _a9780443261336 | ||
| 035 | _a13922165 | ||
| 035 | _a(DNLM)101245584 | ||
| 040 |
_aDNLM/DLC _cDLC _dDLC _erda |
||
| 042 | _apcc | ||
| 050 | 0 | 0 | _aQR 46 .M46 |
| 082 | 0 | 0 |
_a616.9/041 _222 |
| 100 | 1 | _aMurray, Patrick R. | |
| 245 | 1 | 0 |
_aMedical microbiology / _cPatrick R. Murray, Kenneth S. Rosenthal, Michael A. Pfaller. |
| 250 | _a10th ed. | ||
| 260 |
_aPhiladelphia : _bElsevier Mosby, _c2026 |
||
| 264 |
_aPhiladelphia : _bElsevier Mosby, _c2026 |
||
| 300 |
_axi, 882 p. : _bcol. ill. ; _c28 cm. |
||
| 336 |
_atext _btxt _2rdacontent |
||
| 337 |
_aunmediated _bn _2rdamedia |
||
| 338 |
_avolume _bnc _2rdacarrier |
||
| 500 | _aRev. ed. of: Medical microbiology / Patrick R. Murray ... [et al.]. 4th ed. c2002. | ||
| 504 | _aIncludes bibliographical references and index. | ||
| 650 | 0 | _aMedical microbiology. | |
| 650 | 1 | 2 | _aMicrobiology. |
| 650 | 2 | 2 | _aMicrobiological Techniques. |
| 650 | 2 | 2 | _aParasitology. |
| 700 | 1 | _aRosenthal, Ken S. | |
| 700 | 1 | _aPfaller, Michael A. | |
| 906 |
_a7 _bcbc _corignew _d1 _eocip _f20 _gy-gencatlg |
||
| 942 |
_2lcc _cBK |
||
| 999 |
_c44104 _d44104 |
||